Movie Directors II Quiz Stats

 Plays Quiz Updated Apr 26, 2019

Score 0/20 Timer 05:00
0 Plays Today
Movie Director % Correct
Lord of the Rings: The Fellowship of the RingPeter Jackson
91.4%
Annie HallWoody Allen
77.7%
Brokeback MountainAng Lee
69.4%
UnforgivenClint Eastwood
68.7%
Citizen KaneOrson Welles
66.6%
BeetlejuiceTim Burton
64.4%
Apollo 13Ron Howard
63.1%
Dr. StrangeloveStanley Kubrick
61.6%
Lost in TranslationSofia Coppola
60.5%
Sixteen CandlesJohn Hughes
51.5%
Movie Director % Correct
Fight ClubDavid Fincher
50.3%
Forrest GumpRobert Zemeckis
47.7%
ChinatownRoman Polanski
41.6%
Being John MalkovichSpike Jonze
37.7%
The Usual SuspectsBryan Singer
32.9%
Some Like It HotBilly Wilder
31.9%
Gosford ParkRobert Altman
29.3%
The Maltese FalconJohn Huston
24.9%
12 Angry MenSidney Lumet
20.3%
SwingersDoug Liman
11%

You're not logged in!

Compare scores with friends on all Sporcle quizzes.
OR
Log In

Sporcle TV

Today on Sporcle TV


Watch our educational content, quiz creation guides, and fun videos on Sporcle TV.

Show Comments

Extras

Top Quizzes Today


Score Distribution

Your Account Isn't Verified!

In order to create a playlist on Sporcle, you need to verify the email address you used during registration. Go to your Sporcle Settings to finish the process.

Report this User

Report this user for behavior that violates our Community Guidelines.

Details: